National Assembly Library of Thailand

60 ปี อุดม รัฐอมฤต ชีวิตและมิตรภาพบนเส้นทางวิชาการ / (ระเบียนเลขที่ 107399)

รายละเอียดในรูปแบบ MARC
000 -LEADER
fixed length control field 01813nam a2200301 4500
003 - CONTROL NUMBER IDENTIFIER
control field NALT
005 - DATE AND TIME OF LATEST TRANSACTION
control field 20260203120708.0
008 - FIXED-LENGTH DATA ELEMENTS--GENERAL INFORMATION
fixed length control field 251027b th ||||| |||| 00| 0 tha d
020 ## - INTERNATIONAL STANDARD BOOK NUMBER
International Standard Book Number 9786164880559
040 ## - CATALOGING SOURCE
Original cataloging agency NALT
050 ## - LIBRARY OF CONGRESS CALL NUMBER
Classification number LA 2383.T52
Item number อ785ห 2562
110 2# - MAIN ENTRY--CORPORATE NAME
Corporate name or jurisdiction name as entry element มหาวิทยาลัยธรรมศาสตร์.
Subordinate unit คณะนิติศาสตร์
9 (RLIN) 27862
245 10 - TITLE STATEMENT
Title 60 ปี อุดม รัฐอมฤต ชีวิตและมิตรภาพบนเส้นทางวิชาการ /
Statement of responsibility, etc. คณะนิติศาสตร์ มหาวิทยาลัยธรรมศาสตร์.
260 ## - PUBLICATION, DISTRIBUTION, ETC.
Place of publication, distribution, etc. กรุงเทพฯ :
Name of publisher, distributor, etc. คณะนิติศาสตร์ มหาวิทยาลัยธรรมศาสตร์.
Date of publication, distribution, etc. 2562.
300 ## - PHYSICAL DESCRIPTION
Extent 579 หน้า :
Other physical details ภาพประกอบ, ตาราง ;
Dimensions 25 ซม.
505 2# - FORMATTED CONTENTS NOTE
Formatted contents note สารอธิการบดี -- สารคณบดี -- บทบรรณาธิการ -- ประวัติ -- ภาพชีวิตและมิตรภาพ --<br/>บทรำลึก -- บทความวิชาการ.
600 04 - SUBJECT ADDED ENTRY--PERSONAL NAME
Personal name อุดม รัฐอมฤต
General subdivision ชีวประวัติ
9 (RLIN) 66840
650 #4 - SUBJECT ADDED ENTRY--TOPICAL TERM
Topical term or geographic name entry element อาจารย์มหาวิทยาลัย
9 (RLIN) 49048
650 #0 - SUBJECT ADDED ENTRY--TOPICAL TERM
Topical term or geographic name entry element คณบดี
9 (RLIN) 66843
650 #4 - SUBJECT ADDED ENTRY--TOPICAL TERM
Topical term or geographic name entry element กฎหมาย
Geographic subdivision ไทย
9 (RLIN) 4701
653 #4 - INDEX TERM--UNCONTROLLED
Uncontrolled term คณบดี (การศึกษา) -- ไทย -- ชีวประวัติ
942 ## - ADDED ENTRY ELEMENTS (KOHA)
Source of classification or shelving scheme Library of Congress Classification
Koha item type General Book
996 ## - STAFF PROCESSING RECORDS (NALT)
Staff name jidapa.t
Staff type ACQSTF
Acquisition or Cataloging date 2025-10-27
996 ## - STAFF PROCESSING RECORDS (NALT)
Staff name varee.k
Staff type LIBSTF
Acquisition or Cataloging date 2025-10-28
996 ## - STAFF PROCESSING RECORDS (NALT)
Staff name saiphon.d
Staff type CATSTF
Acquisition or Cataloging date 2025-10-31
998 ## - STAFF NAME (NALT)
-- 111
-- นางสาวพจพิณ พรมเอี่ยม
รายการที่มีในห้องสมุด
Withdrawn status Lost status Source of classification or shelving scheme Damaged status Not for loan Collection code Home library Current library Shelving location Date acquired Total Checkouts Total Renewals Full call number Barcode Date last seen Date last checked out Price effective from Koha item type
    Local Classification     General Book collection National Assembly Library of Thailand National Assembly Library of Thailand General Book shelves 27/10/2025 1 1 LA 2383.T52 อ785ห 2562 3961215855 17/02/2026 03/02/2026 27/10/2025 General Book
หอสมุดรัฐสภา
สำนักงานเลขาธิการสภาผู้แทนราษฎร เลขที่ 1111 ถนนสามเสน แขวงถนนนครไชยศรี เขตดุสิต กรุงเทพฯ 10300
The Secretariat of the House of Representatives 1111 Samsen Road, Thanon Nakhon Chai Si, Dusit, Bangkok 10300, THAILAND
โทรศัพท์: +66(0) 2242 5900 ต่อ 5714-5 โทรสาร: +66(0) 2242 5990 อีเมล: [email protected]